00295nam a2200121Ia 4500008004100000100003400041245002700075260002300102300000800125650001600133942000700149999001700156190216s9999||||xx |||||||||||||| ||und|| a"Shanti Narayanan,Mittal P K" 2aA Textbook Of Matrices bS Chand & Coc2009 a309 aMathematics cBK c32326d32326